CLINICAL RECORD BOOK FOR CHILD HEALTH NURSING (Record no. 2453)
[ view plain ]
| 000 -LEADER | |
|---|---|
| fixed length control field | 00403nam a2200145Ia 4500 |
| 008 - FIXED-LENGTH DATA ELEMENTS--GENERAL INFORMATION | |
| fixed length control field | 220530s9999 xx 000 0 und d |
| 020 ## - INTERNATIONAL STANDARD BOOK NUMBER | |
| International Standard Book Number | 978938290789 |
| 100 ## - MAIN ENTRY--PERSONAL NAME | |
| Personal name | VEERBHAPPA G M |
| 9 (RLIN) | 61145 |
| 245 ## - TITLE STATEMENT | |
| Title | CLINICAL RECORD BOOK FOR CHILD HEALTH NURSING |
| 250 ## - EDITION STATEMENT | |
| Edition statement | FIRST |
| 260 ## - PUBLICATION, DISTRIBUTION, ETC. (IMPRINT) | |
| Place of publication, distribution, etc. | JALANDER |
| Name of publisher, distributor, etc. | PV PUBLICATION,JALANDER CITY |
| Date of publication, distribution, etc. | 2015 |
| 300 ## - PHYSICAL DESCRIPTION | |
| Extent | 251 |
| 650 ## - SUBJECT ADDED ENTRY--TOPICAL TERM | |
| Topical term or geographic name as entry element | CHILD HEALTH NURSING |
| 9 (RLIN) | 61146 |
| Withdrawn status | Lost status | Damaged status | Not for loan | Home library | Current library | Date acquired | Vendor | Cost, normal purchase price | Total Checkouts | Barcode | Date last seen | Date last checked out | Bill Date | Koha item type | Original Barcode |
|---|---|---|---|---|---|---|---|---|---|---|---|---|---|---|---|
| Sitabai Nargundkar College of Nursing Nagpur | Sitabai Nargundkar College of Nursing Nagpur | 22/05/2015 | TEXTBOOK DONATED PV PUBLISHER | 275.00 | 2 | SNCN-BK-1559 | 26/06/2025 | 26/06/2025 | 31/05/2022 | Donated Book | 1559 |